ბათუმის შოთა რუსთაველის სახელმწიფო უნივერსიტეტის ბიბლიოთეკა

Процессы и аппараты химической и нефте-химической технологии. (ბიბ.ჩანაწერი № 37123)

000 -LEADER
fixed length control field 00818nam a2200229Ia 4500
001 - CONTROL NUMBER
control field 3079
003 - CONTROL NUMBER IDENTIFIER
control field GE_BSU
008 - FIXED-LENGTH DATA ELEMENTS--GENERAL INFORMATION
fixed length control field 181216s||||||||xx |||||||||||||| ||und||
040 ## - CATALOGING SOURCE
Transcribing agency GE_BSU
080 ## - UNIVERSAL DECIMAL CLASSIFICATION NUMBER
Universal Decimal Classification number 66.01/07(075.8)
100 ## - MAIN ENTRY--PERSONAL NAME
Personal name Плановский,А.Н. Никалаев,П.И.
245 ## - TITLE STATEMENT
Title Процессы и аппараты химической и нефте-химической технологии.
245 ## - TITLE STATEMENT
Remainder of title Учебник для вузов.
245 ## - TITLE STATEMENT
Statement of responsibility, etc. Ред. Р.Е.Миневич.
250 ## - EDITION STATEMENT
Edition statement Изд 3-ое. перераб.и доп.
260 ## - PUBLICATION, DISTRIBUTION, ETC.
Place of publication, distribution, etc. М.
260 ## - PUBLICATION, DISTRIBUTION, ETC.
Name of publisher, distributor, etc. Химия.
260 ## - PUBLICATION, DISTRIBUTION, ETC.
Date of publication, distribution, etc. 1987.
300 ## - PHYSICAL DESCRIPTION
Extent 496 стр. с илл. 22 см.
653 ## - INDEX TERM--UNCONTROLLED
Uncontrolled term Процессы и аппараты химической и нефтехимической технологии.
942 ## - ADDED ENTRY ELEMENTS (KOHA)
Koha item type წიგნი
ეგზემპლარები
Withdrawn status Lost status Damaged status Not for loan Date acquired Barcode Date last seen Price effective from Koha item type
        2018-12-17 9449 2018-12-17 2018-12-17 წიგნი
        2018-12-17 9560 2018-12-17 2018-12-17 წიგნი
        2018-12-17 9448 2018-12-17 2018-12-17 წიგნი